GATE pharmacy (Record no. 2580)

MARC details
000 -LEADER
fixed length control field 01014 a2200253 4500
020 ## - INTERNATIONAL STANDARD BOOK NUMBER
International Standard Book Number 8186270779
Terms of availability 475.00
035 ## - SYSTEM CONTROL NUMBER
System control number B-156761
037 ## - SOURCE OF ACQUISITION
Source of stock number/acquisition RP-ZLS-2425 / PANSY-06-07:3 / RP-06-07:ENG
082 14 - DEWEY DECIMAL CLASSIFICATION NUMBER
Classification number 615.11
090 ## - LOCALLY ASSIGNED LC-TYPE CALL NUMBER (OCLC); LOCAL CALL NUMBER (OCLC)
-- 2623
-- 2623
245 1# - TITLE STATEMENT
Title GATE pharmacy
Remainder of title an ideal book to succeed in competitive examinations with several thousand M.C.Qs and match the following type question with answers ..............other competitive examinations
Statement of responsibility, etc by Mohammed Ali...(et al)
250 ## - EDITION STATEMENT
Edition statement 7th ed
260 ## - PUBLICATION, DISTRIBUTION, ETC. (IMPRINT)
Place of publication, distribution, etc Delhi
Name of publisher, distributor, etc Birla Publications
Date of publication, distribution, etc 2006
270 ## - ADDRESS
Address 1/9185, Street No. 5, West Rohtas Nagar, Shahdara
State or province Delhi
Postal code 110032
Telephone number 22323254
Fax number 22324544
300 ## - PHYSICAL DESCRIPTION
Extent Various pagings
Dimensions 24 cm (pbk)
700 ## - ADDED ENTRY--PERSONAL NAME
Personal name Siddiqui, Anees Ahmad
700 ## - ADDED ENTRY--PERSONAL NAME
Personal name Mir, Showkat R.
700 ## - ADDED ENTRY--PERSONAL NAME
Personal name Siddiqui, A. Wadood
700 ## - ADDED ENTRY--PERSONAL NAME
Personal name Rafiullah, M.R.M.
700 ## - ADDED ENTRY--PERSONAL NAME
Personal name Onkar Singh
700 ## - ADDED ENTRY--PERSONAL NAME
Personal name Bhatt, M. Shibeer
942 ## - ADDED ENTRY ELEMENTS (KOHA)
Institution code [OBSOLETE] dpl
Koha item type English Books
Call number prefix 615 / GAT
Holdings
Withdrawn status Lost status Source of classification or shelving scheme Damaged status Not for loan Collection code Home library Current library Cost, normal purchase price Total Checkouts Full call number Barcode Date last seen Uniform Resource Identifier Cost, replacement price Price effective from Koha item type
    Dewey Decimal Classification     Non-fiction Sarojini Nagar Sarojini Nagar 475.00   615.11 GAT B-156761 15/09/2008 2753 475.00 15/09/2008 English Books

© Delhi Public Library
Hit Counter
free hit counter